Missing Word: Laurence Fishburne Quiz Stats

Quiz Updated Oct 5, 2014

Challenge
Share
Tweet
Embed
Score 0/20 Timer 02:00
0 Plays Today
Movie Title Missing Word % Correct
Mission: __________ IIIImpossible
96%
What's ____ Got to do With It?Love
93.5%
Fantastic Four: Rise of the ______ SurferSilver
77.2%
The ______Matrix
69.6%
Akeelah and the ___Bee
63.2%
______ RiverMystic
61.3%
Assault on ________ 13Precinct
61.1%
The Tuskegee ______Airmen
57.4%
__________ NowApocalypse
53.4%
______ DazeSchool
37.8%
Movie Title Missing Word % Correct
_____ HorizonEvent
35.7%
_______ JonesOsmosis
27.3%
____ FingersFive
17.7%
The ______ ClubCotton
16.8%
Just _____Cause
8%
Miss _____' BoysEvers
7.4%
Deep _____Cover
7%
Gardens of _____Stone
6.7%
______ 2000Cherry
2.9%
Always ___________Outnumbered
2.7%

Today's Daily Dose

Missing Word
Law Misconceptions

Word Ladder
Easy Math

On This Day
January 20th

You're not logged in!

Compare scores with friends on all Sporcle quizzes.
Sign Up with Email
OR
Log In

You Might Also Like...

Show Comments

Extras

Top Quizzes Today


Score Distribution

Your Account Isn't Verified!

In order to create a playlist on Sporcle, you need to verify the email address you used during registration. Go to your Sporcle Settings to finish the process.